Trendy v boji proti tabakovým výrobkom po prijatí Rámcového dohovoru WHO o kontrole tabaku bakalárska práca

Uložené v:
Podrobná bibliografia
Hlavný autor: Olexová, Laura Michaela
Korporativný autor: Fakulta medzinárodných vzťahov EU. Katedra medzinárodných ekonomických vzťahov a hospodárskej diplomacie
Ďalší autori: Valačai, Peter, 1989-
Médium: Kniha
Jazyk:Slovak
Vydavateľské údaje: Bratislava 2017
Tagy: Pridať tag
Žiadne tagy, Buďte prvý, kto otaguje tento záznam!

MARC

LEADER 00000nbm a2200000 4500
001 0235388
005 20180221152200.1
041 0 |a slo 
044 |a SK 
245 1 0 |a Trendy v boji proti tabakovým výrobkom po prijatí Rámcového dohovoru WHO o kontrole tabaku  |b bakalárska práca  |c Laura Michaela Olexová ; školiteľ: Peter Valačai 
264 1 |a Bratislava  |c 2017 
300 |a 44 s. 
100 1 |a Olexová, Laura Michaela 
700 1 |a Valačai, Peter, 1989- 
710 2 |a Fakulta medzinárodných vzťahov EU. Katedra medzinárodných ekonomických vzťahov a hospodárskej diplomacie